Information security : (Record no. 18198)
[ view plain ]
| 000 -LEADER | |
|---|---|
| fixed length control field | 00721nam a22002292 4500 |
| 001 - CONTROL NUMBER | |
| control field | 0000006311 |
| 003 - CONTROL NUMBER IDENTIFIER | |
| control field | OSt |
| 005 - DATE AND TIME OF LATEST TRANSACTION | |
| control field | 20200129142944.0 |
| 008 - FIXED-LENGTH DATA ELEMENTS--GENERAL INFORMATION | |
| fixed length control field | 071016s xx 000 0 eng d |
| 020 ## - INTERNATIONAL STANDARD BOOK NUMBER | |
| International Standard Book Number | 0789753250 |
| Terms of availability | KES |
| 040 ## - CATALOGING SOURCE | |
| Original cataloging agency | KABU |
| Transcribing agency | KABU |
| 050 ## - LIBRARY OF CONGRESS CALL NUMBER | |
| Classification number | QA76.9 |
| Item number | .A25M47 2014 c. 1 |
| 100 1# - MAIN ENTRY--PERSONAL NAME | |
| Personal name | Merkow, Mark S. |
| 245 10 - TITLE STATEMENT | |
| Title | Information security : |
| Remainder of title | principles and practice / |
| Statement of responsibility, etc. | by Mark S. Merkow and Jim Breithaupt. |
| 260 ## - PUBLICATION, DISTRIBUTION, ETC. (IMPRINT) | |
| Place of publication, distribution, etc. | USA |
| Name of publisher, distributor, etc. | Pearson Education |
| Date of publication, distribution, etc. | 2014 |
| 300 ## - PHYSICAL DESCRIPTION | |
| Extent | xvi, 349 p. |
| 650 #0 - SUBJECT ADDED ENTRY--TOPICAL TERM | |
| Topical term or geographic name as entry element | Computer security. |
| 700 1# - ADDED ENTRY--PERSONAL NAME | |
| Personal name | Breithaupt, Jim. |
| 908 ## - PUT COMMAND PARAMETER (RLIN) | |
| Put command parameter | 071016 |
| 942 ## - ADDED ENTRY ELEMENTS (KOHA) | |
| Source of classification or shelving scheme | Library of Congress Classification |
| Koha item type | General Collection |
| Classification part | QA76.9 |
| Item part | .A25M47 2014 c. 1 |
| Withdrawn status | Lost status | Source of classification or shelving scheme | Not for loan | Home library | Current library | Date acquired | Cost, normal purchase price | Total Checkouts | Full call number | Barcode | Date last seen | Date last checked out | Copy number | Price effective from | Koha item type | Total Renewals |
|---|---|---|---|---|---|---|---|---|---|---|---|---|---|---|---|---|
| Library of Congress Classification | Kabarak, Main Campus | Kabarak, Main Campus | 29/01/2020 | 6388.00 | 3 | QA76.9 .A25M47 2014 c. 1 | 028314 | 23/06/2021 | 23/06/2021 | c. 1 | 29/01/2020 | General Collection | ||||
| Library of Congress Classification | Kabarak, Main Campus | Kabarak, Main Campus | 29/01/2020 | 6388.00 | 4 | QA76.9 .A25M47 2014 c. 2 | 028315 | 20/04/2026 | 02/03/2026 | c. 2 | 29/01/2020 | General Collection | ||||
| Library of Congress Classification | Kabarak, Main Campus | Kabarak, Main Campus | 29/01/2020 | 6388.00 | 5 | QA76.9 .A25M47 2014 c. 3 | 028316 | 19/07/2023 | 18/06/2023 | c. 3 | 29/01/2020 | General Collection | 1 |